000 00834nam a2200217 i 4500
001 21984
003 ES-MaACL
005 20230906152602.0
007 t|
008 021129s1916 sp ||||1| spa d
245 0 0 _aAlemania y la guerra europea /
_cpor Otto Hintze... [et al.] ; traducción directa por Faustino Balvé.
260 _aBarcelona :
_b[s.n.,
_c1916] (
_fLa Académica)
300 _a3 v. ;
_c19 cm.
505 8 _aV. I: Alemania, su política y sus instituciones. -- V. II: Aliados y enemigos de Alemania. -- V. III: Génesis y espíritu de la guerra
700 1 _aHintze, Otto.
_963791
700 1 _aBalvé, Faustino.
_925136
740 0 _aAlemania, su política y sus instituciones.
740 0 _aAliados y enemigos de Alemania.
740 0 _aGénesis y espíritu de la guerra.
852 _aES-MaACL
_jF-7217-7219
999 _c21984
_d21984